000 00573cam a22002291 4500
001 7985025
005 20180103055640.0
008 920514s1964 nyuach b 000 0 eng
010 _a 64015591
035 _a(OCoLC)25813280
040 _aDLC
_cViKeS
_dDLC
041 _aeng
042 _apremarc
080 _a330.973
082 _a330.973 ROB
100 1 _a16
101 _aHIS
245 1 0 _aHistory of the American economy.
_cRoberston, R.M
504 _aBibliography: p. 661-677.
906 _a7
_bcbc
_coclcrpl
_du
_encip
_f19
_gy-gencatlg
942 _2ddc
_cBK
999 _c39628
_d39628